|
|
|
|
| LEADER |
02231nam a22004335i 4500 |
| 001 |
978-94-017-7399-7 |
| 003 |
DE-He213 |
| 005 |
20160211021124.0 |
| 007 |
cr nn 008mamaa |
| 008 |
160209s2016 ne | s |||| 0|eng d |
| 020 |
|
|
|a 9789401773997
|9 978-94-017-7399-7
|
| 024 |
7 |
|
|a 10.1007/978-94-017-7399-7
|2 doi
|
| 040 |
|
|
|d GrThAP
|
| 050 |
|
4 |
|a GE300-350
|
| 072 |
|
7 |
|a TQD
|2 bicssc
|
| 072 |
|
7 |
|a SCI026000
|2 bisacsh
|
| 082 |
0 |
4 |
|a 363.7063
|2 23
|
| 245 |
1 |
0 |
|a Mapping Wilderness
|h [electronic resource] :
|b Concepts, Techniques and Applications /
|c edited by Stephen J. Carver, Steffen Fritz.
|
| 250 |
|
|
|a 1st ed. 2016.
|
| 264 |
|
1 |
|a Dordrecht :
|b Springer Netherlands :
|b Imprint: Springer,
|c 2016.
|
| 300 |
|
|
|a XVII, 204 p. 51 illus., 4 illus. in color.
|b online resource.
|
| 336 |
|
|
|a text
|b txt
|2 rdacontent
|
| 337 |
|
|
|a computer
|b c
|2 rdamedia
|
| 338 |
|
|
|a online resource
|b cr
|2 rdacarrier
|
| 347 |
|
|
|a text file
|b PDF
|2 rda
|
| 520 |
|
|
|a This volume gives a comprehensive overview of wilderness mapping, and in doing so covers the conceptual and philosophical foundations, techniques and methodological approaches, and applications at a variety of spatial scales. The Editors have brought together a range of contributors who are both experts in their field and cutting-edge thinkers in the wilderness and spatial mapping domain. Spatial information technology and mapping science is a rapidly expanding and a developing field and so it is expected to be able to add to this volume in the future. This book provides a record of the "state of the art" and will enable the reader to follow this lead and map his/her own wilderness.
|
| 650 |
|
0 |
|a Environment.
|
| 650 |
|
0 |
|a Geographical information systems.
|
| 650 |
1 |
4 |
|a Environment.
|
| 650 |
2 |
4 |
|a Environmental Monitoring/Analysis.
|
| 650 |
2 |
4 |
|a Geographical Information Systems/Cartography.
|
| 700 |
1 |
|
|a Carver, Stephen J.
|e editor.
|
| 700 |
1 |
|
|a Fritz, Steffen.
|e editor.
|
| 710 |
2 |
|
|a SpringerLink (Online service)
|
| 773 |
0 |
|
|t Springer eBooks
|
| 776 |
0 |
8 |
|i Printed edition:
|z 9789401773973
|
| 856 |
4 |
0 |
|u http://dx.doi.org/10.1007/978-94-017-7399-7
|z Full Text via HEAL-Link
|
| 912 |
|
|
|a ZDB-2-EES
|
| 950 |
|
|
|a Earth and Environmental Science (Springer-11646)
|